LEADER 00897nam0-22003011i-450- 001 990003284290403321 005 20061103130913.0 035 $a000328429 035 $aFED01000328429 035 $a(Aleph)000328429FED01 035 $a000328429 100 $a20030910d1966----km-y0itay50------ba 101 0 $aita 102 $aIT 105 $ay-------001yy 200 1 $aIntroduzione alla didattica della geografia nella scuola secondaria$eproblemi e metodi$fCosimo Argentina 210 $aBari$cAdriatica$d1966 215 $a236 p.$d21 cm 610 0 $aapprendimento geografico 676 $a042.001 700 1$aArgentina,$bCosimo$0130058 801 0$aIT$bUNINA$gRICA$2UNIMARC 901 $aBK 912 $a990003284290403321 952 $a042.001.ARG$b291$fDECGE 959 $aDECGE 996 $aIntroduzione alla didattica della geografia nella scuola secondaria$9451512 997 $aUNINA LEADER 01124nam--2200385---450- 001 990000539890203316 005 20090505141946.0 010 $a0-8039-2594-8 035 $a0053989 035 $aUSA010053989 035 $a(ALEPH)000053989USA01 035 $a0053989 100 $a20010703d1987----km-y0itay0103----ba 101 $aeng 105 $a||||||||001yy 200 1 $a<> television new interview$fAkiba A Cohen 210 $aNewbury Park$cSAGE$dc1987 215 $a160 p.$d23 cm 225 2 $aThe SAGE commtext series 410 $12001$aThe SAGE commtext series 461 1$1001-------$12001 606 0 $aGiornalismo e televisione 676 $a070.19 700 1$aCOHEN,$bAkiba A.$0546262 801 0$aIT$bsalbc$gISBD 912 $a990000539890203316 951 $aIV.1. 1219 (iSP V 429)$b1839 G$ciSP V$d00191098 959 $aBK 969 $aGIU 979 $aPATTY$b90$c20010703$lUSA01$h1427 979 $c20020403$lUSA01$h1703 979 $aPATRY$b90$c20040406$lUSA01$h1637 979 $aRSIAV1$b90$c20090505$lUSA01$h1419 996 $aTelevision new interview$9885856 997 $aUNISA